|
|
|
|
| LEADER |
00858nam a2200265 4500 |
| 001 |
DLU090068069 |
| 005 |
##20090418 |
| 040 |
# |
# |
|a DLU
|b vie
|
| 041 |
# |
# |
|a vie
|
| 044 |
# |
# |
|a vn
|
| 100 |
# |
# |
|a Đoàn Thị Hương.
|
| 245 |
# |
# |
|a Người phụ nữ Việt Nam xã hội chủ nghĩa và cuộc cách mạng khoa học kỹ thuật trong văn học /
|c Đoàn Thị Hương.
|
| 653 |
# |
# |
|a Cách mạng khoa học kĩ thuật
|
| 653 |
# |
# |
|a Con người mới xã hội chủ nghĩa
|
| 653 |
# |
# |
|a Phụ nữ
|
| 773 |
# |
# |
|t Tạp chí văn học
|g Số1, 1978, tr. 54-60
|
| 920 |
# |
# |
|a Phòng Tạp chí -- Trung tâm Thông tin - Thư viện Trường Đại học Đà Lạt
|
| 994 |
# |
# |
|a DLU
|
| 900 |
# |
# |
|a True
|
| 911 |
# |
# |
|a Nguyễn Thị Linh Chi
|
| 925 |
# |
# |
|a G
|
| 926 |
# |
# |
|a A
|
| 927 |
# |
# |
|a BB
|
| 980 |
# |
# |
|a Thư viện Trường Đại học Đà Lạt
|